02724cam a22003255i 4500999001700000001000900017003000900026005001700035008004100052020002400093040003800117082002000155100003800175245007100213264007900284300003000363336002600393337002800419338002700447490003700474504005100511505034300562520121900905650002402124650003402148653002602182655001702208942001202225952016102237 c27776d2774717273449EG-ScBUE20191121155953.0120426s2017 enk f b 001 0 eng d a9781138115514 (pbk) aDLCbengerdacDLCdDLCdEG-ScBUE04a297.38bGAU2221 aGauvain, Richard,d1970-eauthor.10aSalafi ritual purity :bin the presence of God /cRichard Gauvain. 1aAbingdon, Oxon ;aNew York :bRoutledge / Taylor and Francis Group,c2017. aviii, 383 pages ;c24 cm. atextbtxt2rdacontent aunmediatedbn2rdamedia avolumebnc2rdacarrier0 aRoutledge Islamic studies series aIncludes bibliographical references and index.0 aSalafism and purity: natural bedfellows -- Purity and the search for meaning -- En route to purity -- Charting Egypt's Salafi map -- Ritual purity in Cairene Salafi settings -- Pure bodies, purer hearts -- Surface dirt -- The purest pearls -- Salafism after the uprisings -- End of the liminal era? -- Coalitions, Copts and costa Salafis. aSince 9/11, Salafism has attracted a great deal of attention from the world's media, which predominantly focuses on its potential for revolutionary violence. Salafism remains poorly understood both in Western media, where it is now the focus of considerable debate, and in Western academia, where until recently it was virtually undiscussed. In neither arena has a consensus emerged regarding what Salafism is or does. This pioneering work fills this lacuna by redirecting the reader towards the sphere of ritual practice, within which the discussions of contemporary Salafi scholars prove equally revolutionary. Taking the theme of ritual purity (tahara) as the leitmotif of modern Salafism, this work combines an analysis of key developments in ritual purity law with detailed ethnographic investigations into ritual purity behaviour in specific Cairene settings. The author's research not only bridges the gap between anthropological and Islamicist approaches to Muslim ritual, but highlights the variety of ideas and experiences that contribute to Egyptian Salafism today. This book will be of interest to students of Islamic studies, Anthropology, Religious studies, as well as Middle East studies in general. 7aSalafīyah.2BUEsh 7aPurity, RitualxIslam.2BUEsh bMASPPSScNovember2019 vReading book 2ddccBB 00102ddc40708BaccahaMAINbMAINcLOWd2019-11-20ePurchaseg650.00l1m1o297.38 GAUp000048261r2025-07-15 00:00:00s2021-11-24v812.50w2019-11-20yBB